| 000 | 00489nam a2200181Ia 4500 | ||
|---|---|---|---|
| 005 | 20240823033923.0 | ||
| 008 | 240823s9999||||xx |||||||||||||| ||und|| | ||
| 041 | _aENGLISH | ||
| 082 | _A005.43 N3 MSD | ||
| 100 | _a"Williams,Dave" | ||
| 245 | 4 | _aThe Programmers Technical Reference MS-DOS IBM PC & Compatibles | |
| 250 | _a1st | ||
| 260 |
_c1993 _b"Galgotia,New Delhi" |
||
| 500 | _aTRANSFERED | ||
| 650 |
_aOperating System _bSoftware Engineering |
||
| 942 | _cBK | ||
| 999 |
_c196975 _d196975 |
||